| 000 | 00573nam a2200229Ia 4500 | ||
|---|---|---|---|
| 003 | OSt | ||
| 005 | 20230417114400.0 | ||
| 008 | 210423s2011 xx 000 0 und d | ||
| 020 | _a9780198072508 | ||
| 040 | _cAL | ||
| 041 | _aeng | ||
| 082 |
_a330.092 BASK _223 |
||
| 100 |
_aBASU (Kaushik) _989299 |
||
| 245 | _aEconomists miscellany | ||
| 260 |
_aNew Delhi _bOxford University Press _c2011 |
||
| 300 |
_axiv,200 _bPB |
||
| 365 |
_b395 _cINR |
||
| 650 |
_aEconomics _989300 |
||
| 650 |
_aEconomics _989300 |
||
| 906 | _aEconomists ; miscellany | ||
| 942 |
_2ddc _cBK |
||
| 999 |
_c159437 _d159437 |
||